Beginner's guide to kirigami : 24 skill-building ... Read More
Available copies
- 2 of 2 copies available at LARL/NWRL Consortium. (Show)
- 2 of 2 copies available at Lake Agassiz Regional Library.
Current holds
0 current holds with 2 total copies.
Show Only Available Copies
| Location | Call Number / Copy Notes | Barcode | Shelving Location | Status | Due Date |
|---|---|---|---|---|---|
| McIntosh Public Library | 745.54 DES (Text) | 33500013128897 | Main | Available | - |
| Moorhead Public Library | 745.54 DES (Text) | 33500013128905 | Main | Available | - |
Record details
- ISBN: 9781497100169
- ISBN: 149710016X
- Physical Description: 94 pages : illustrations (chiefly color) ; 23 cm
- Publisher: Mount Joy, Pennsylvania : Fox Chapel Publishing, 2019.
Content descriptions
| Summary, etc.: | "Gives instructions for making 24 kirigami ... Read More |
Search for related items by subject
| Subject: | Paper work. Paper work. |
| LDR | 01556cam a22004218i 4500 | ||
|---|---|---|---|
| 001 | 326621 | ||
| 003 | LARL_NWRL_CONSORTIUM | ||
| 005 | 20190917154404.0 | ||
| 008 | 190610s2019 paua 000 0 eng | ||
| 010 | . | ‡a 2019024143 | |
| 040 | . | ‡aDLC ‡beng ‡erda ‡cDLC ‡dOCLCO ‡dOCLCF ‡dYDX ‡dBDX ‡dUKMGB ‡dJSE | |
| 015 | . | ‡aGBB9B6668 ‡2bnb | |
| 016 | 7 | . | ‡a019453766 ‡2Uk |
| 019 | . | ‡a1089970607 | |
| 020 | . | ‡a9781497100169 ‡q(paperback) | |
| 020 | . | ‡a149710016X | |
| 035 | . | ‡a(OCoLC)1104856310 ‡z(OCoLC)1089970607 | |
| 041 | 1 | . | ‡aeng ‡hfre |
| 042 | . | ‡apcc | |
| 082 | 0 | 0. | ‡a745.54 ‡223 |
| 100 | 1 | . | ‡aDescamps, Ghylenn, ‡d1968- ‡eauthor. |
| 240 | 1 | 0. | ‡aMes premiers pas en kirigami. ‡lEnglish |
| 245 | 1 | 0. | ‡aBeginner's guide to kirigami : ‡b24 skill-building projects using origami & papercrafting skills / ‡cGhylenn Descamps. |
| 264 | 1. | ‡aMount Joy, Pennsylvania : ‡bFox Chapel Publishing, ‡c2019. | |
| 300 | . | ‡a94 pages : ‡billustrations (chiefly color) ; ‡c23 cm | |
| 336 | . | ‡atext ‡btxt ‡2rdacontent | |
| 337 | . | ‡aunmediated ‡bn ‡2rdamedia | |
| 338 | . | ‡avolume ‡bnc ‡2rdacarrier | |
| 520 | . | ‡a"Gives instructions for making 24 kirigami projects. Also offers tips on using papercrafting tools, paper selection, and folding techniques"-- ‡cProvided by publisher. | |
| 650 | 0. | ‡aPaper work. ‡0(LARL_NWRL_CONSORTIUM)27562 | |
| 650 | 7. | ‡aPaper work. ‡2fast ‡0(LARL_NWRL_CONSORTIUM)27562 | |
| 901 | . | ‡a326621 ‡bOCoLC ‡c326621 ‡tbiblio ‡soclc | |

Add to basket
Permalink
Disable Highlighting